000 00661nam a2200217Ia 4500
003 GCL
005 20240530104619.0
008 140319s9999 xx 000 0 ara d
040 _aGCL /
_cGCL
082 0 4 _a956.9
_bغ ف
100 1 _aغارودى، روجيه
245 1 0 _aفلسطين ارض الرسالات السماوية /
_cجارودى، روجيه
300 _a381 ص
490 _aالهيئة العامة للاستعلامات
_v0
650 0 4 _aتاريخ
650 0 4 _aفلسطين
650 0 4 _aفلسطين - تاريخ
700 1 _aقصى اتاسى
_eمترجم
700 1 _aميشيل واكيم
_eمترجم
942 _2ddc
_cBK
999 _c49208
_d49208